000 00221nam a2200097Ia 4500
008 240331s9999 xx 000 0 und d
082 _bLIP
100 _aLips, H.M.
245 0 _aSex and gender :
_ban introduction
942 _cL
999 _c1598
_d1598